000 01278naa a22003617a 4500
001 BR9400694
003 BR-BrBNA
005 20240918180936.0
007 ta
008 230509b bl.||||| |||| 00| 0 por d
040 _aBR-BrBNA
_bpor
_cBiblioteca Nacional de Agricultura
041 _a(Pt)
072 _aF02
_b3540
_b1235
090 _aF02 BR9400694
100 1 _aDall'Orto, F.A.C.
100 1 _aOjima, M.
100 1 _aTombolato, A.F.C.
100 1 _aRegitano, O.
111 1 _a5. Congresso Brasileiro de Fruticultura
_cPelotas, RS (Brazil)
_d7-14 Jan 1979
245 1 _aDesenvolvimento comparativo de algumas progenios de nogueira-madadamia (Macadamia integrifolia Maiden e Betche)visando a obtencao de porta-enxertos
260 3 _aPelotas, RS (Brasil):
_c1979.
500 _aAnais do 5. Congresso Brasileiro de Fruticultura, v. 2 Pelotas, RS (Brasil): 1979. p. 454-462 (BR9400694-AM)F02
650 _aMacadamia
650 _aProgenie
650 _aVariedade
650 _aEnxerto
650 _aPorta Enxerto
650 _aSemeadura
650 _aSao Paulo
773 0 _tAnais do 5. Congresso Brasileiro de Fruticultura, v. 2
_wF02 BR9400694
_gPelotas, RS (Brasil), 1979. p. 454-462
909 _a202404
_bLucia
_c55
_dLucia Elande
942 _cAM
_2AGRIS
999 _c322819
_d322819